| 000 | 01516nam a2200373Ia 4500 | ||
|---|---|---|---|
| 001 | ebr10367493 | ||
| 003 | CaPaEBR | ||
| 006 | m u | ||
| 007 | cr cn||||||||| | ||
| 008 | 910927s1992 ncua sb 001 0 eng d | ||
| 010 | _z 91050784 | ||
| 020 | _z0807820369 (cloth : alk. paper) | ||
| 020 | _z0807843741 (pbk. : alk. paper) | ||
| 020 | _z9780807843741 | ||
| 020 | _z9780807898871 | ||
| 040 |
_aCaPaEBR _cCaPaEBR |
||
| 035 | _a(OCoLC)593295720 | ||
| 050 | 1 | 4 |
_aPN1992.8.C7 _bC48 1992eb |
| 245 | 0 | 0 |
_aChannels of discourse, reassembled _h[electronic resource] : _btelevision and contemporary criticism / _cedited by Robert C. Allen. |
| 250 | _a2nd ed. | ||
| 260 |
_aChapel Hill : _bUniversity of North Carolina Press, _cc1992. |
||
| 300 |
_a420 p. : _bill. |
||
| 500 | _aRev. ed. of: Channels of discourse. c1987. | ||
| 504 | _a"Television criticism: a selective bibliography [by] Diane Negra": p. [387]-405. | ||
| 504 | _aIncludes bibliographical references and index. | ||
| 533 |
_aElectronic reproduction. _bPalo Alto, Calif. : _cebrary, _d2010. _nAvailable via World Wide Web. _nAccess may be limited to ebrary affiliated libraries. |
||
| 650 | 0 | _aTelevision criticism. | |
| 650 | 0 | _aCriticism. | |
| 655 | 7 |
_aElectronic books. _2local |
|
| 700 | 1 |
_aAllen, Robert Clyde, _d1950- |
|
| 710 | 2 | _aebrary, Inc. | |
| 730 | 0 | _aChannels of discourse. | |
| 856 | 4 | 0 |
_uhttp://site.ebrary.com/lib/rucke/Doc?id=10367493 _zAn electronic book accessible through the World Wide Web; click to view |
| 999 |
_c108521 _d108521 |
||